000 00265nam a22001097a 4500
999 _c169636
_d169636
082 _a
_b
100 _aChinnaiah Jangam
245 _aDalits and the making of modern india/
_cby Chinnaiah Jangam.
260 _aNew Delhi:
_bOxford,
_c
650 _a
942 _cBK